5HLuxD.jpg

KING HENRY VIII SENIOR AND PRIMARY SCHOOL LIBRARY OPAC

The enchanted wood / (Record no. 3886)

000 -LEADER
fixed length control field 00872cam a2200217 i 4500
001 - CONTROL NUMBER
control field 000851065
003 - CONTROL NUMBER IDENTIFIER
control field OSt
005 - DATE AND TIME OF LATEST TRANSACTION
control field 20241118104408.0
008 - FIXED-LENGTH DATA ELEMENTS--GENERAL INFORMATION
fixed length control field 180927r20161939enka j b 000 f eng d
020 ## - INTERNATIONAL STANDARD BOOK NUMBER
International Standard Book Number 9780603570759
040 ## - CATALOGING SOURCE
Original cataloging agency NLE
Language of cataloging eng
Transcribing agency NTL
Modifying agency NTL
-- KH8
Description conventions aacr2r
042 ## - AUTHENTICATION CODE
Authentication code nbic
082 0# - DEWEY DECIMAL CLASSIFICATION NUMBER
Classification number 823.912 BLY
100 1# - MAIN ENTRY--PERSONAL NAME
Personal name Blyton, Enid
Relator term author.
245 14 - TITLE STATEMENT
Title The enchanted wood /
Statement of responsibility, etc. Enid Blyton ; illustrations by Mark Beech.
260 ## - PUBLICATION, DISTRIBUTION, ETC.
Place of publication, distribution, etc. London :
Name of publisher, distributor, etc. Egmont UK Limited,
Date of publication, distribution, etc. c2016.
300 ## - PHYSICAL DESCRIPTION
Extent 1 volume :
Other physical details illustrations (colour) ;
Dimensions 20 cm.
520 ## - SUMMARY, ETC.
Summary, etc. "When Joe, Beth and Frannie move to the country, they are thrilled to find an Enchanted Wood with a particularly amazing tree on their doorstep. Join the children as they discover magical new lands and friends at the top of the Magic Faraway Tree!"--Back cover.
650 #0 - SUBJECT ADDED ENTRY--TOPICAL TERM
Topical term or geographic name entry element Children's stories.
942 ## - ADDED ENTRY ELEMENTS (KOHA)
Source of classification or shelving scheme
Koha item type Books - Fiction
Holdings
Withdrawn status Lost status Source of classification or shelving scheme Damaged status Not for loan Collection code Permanent Location Current Location Shelving location Date acquired Total Checkouts Full call number Barcode Date last seen Date last checked out Price effective from Koha item type
          Fiction KH8 Primary School Library KH8 Primary School Library Fiction 2024-11-18 4 823.912 BLY KHPL000004589 2025-12-05 2025-05-08 2024-11-18 Books - Fiction

Powered By KH8 IT Dept